000 00535nam a22002297a 4500
001 0117
003 DO-SdBNP
005 20151112143602.0
007 0117
008 151005b198u sp 00| 0 spa d
040 _aBPMSU
_bspa
_cBPMSU
092 _aXXXX
_bXXXX
100 1 _aWerner, Lisbeth
245 1 3 _aPuck en 2 x 2 = 17 /
_cLisbeth Werner
260 _aBarcelona :
_bToray,
_c[1984].
300 _a176 p. :
_bil.
_c20 cm.
490 1 _aToray
_v24
830 0 _aToray
_n24
910 _a202
942 _2ddc
_cBK
956 _aYngrid Lockward
999 _c8674
_d8674